[Event "Challenge"]
[Site "http://www.queenalice.com/game.php?id=1216138"]
[Date "2013.9.11"]
[Round "-"]
[White "hba111"]
[Black "migueljunior"]
[Result "1-0"]
[WhiteElo "2797"]
[BlackElo "1100"]

1. e4 e5 2. Nf3 d6 3. d4 exd4 4. Nxd4 Ne7 5. Nc3 Be6 6. Nxe6 fxe6 7. Bc4 Qd7 8.
Qg4 Nbc6 9. Bxe6 Qxe6 10. Qxe6 Nd8 11. Qb3 Nec6 12. Nd5 Na5 13. Qh3 Be7 14.
Nxc7+ Kf8 15. Nxa8 Nf7 16. Nc7 Nc4 17. Qd7 1-0

[Event "Challenge"]
[Site "http://www.queenalice.com/game.php?id=1216139"]
[Date "2013.9.11"]
[Round "-"]
[White "migueljunior"]
[Black "hba111"]
[Result "0-1"]
[WhiteElo "1100"]
[BlackElo "2788"]

1. e4 c5 2. d3 Nc6 3. Nf3 g6 4. Nbd2 Bg7 5. Nb3 d5 6. Nxc5 Qa5+ 7. Nd2 Qxc5 8.
Qe2 Nd4 9. Qe3 Nxc2+ 10. Ke2 Nxe3 11. fxe3 Bg4+ 12. Ke1 Qxe3+ 13. Be2 Qxe2# 0-1

[Event "AUTO-OPEN-3077"]
[Site "http://www.queenalice.com/game.php?id=1216194"]
[Date "2013.9.11"]
[Round "1"]
[White "chein"]
[Black "migueljunior"]
[Result "1-0"]
[WhiteElo "2269"]
[BlackElo "1054"]

1. Nc3 e5 2. Nf3 Bb4 3. Nxe5 Bxc3 4. dxc3 Qf6 5. Qd4 Ne7 6. Nd3 Qxd4 7. cxd4 d5
8. Bf4 f6 9. Bxc7 Nbc6 10. c3 f5 11. g3 Be6 12. Kd2 Rc8 13. Bf4 Ng6 14. Bg2 Nxd4
15. cxd4 Rc2+ 16. Kxc2 O-O 17. Rac1 Nxf4 18. Nxf4 1-0

[Event "AUTO-OPEN-3077"]
[Site "http://www.queenalice.com/game.php?id=1216195"]
[Date "2013.9.11"]
[Round "1"]
[White "migueljunior"]
[Black "chein"]
[Result "0-1"]
[WhiteElo "1100"]
[BlackElo "2294"]

1. e4 e5 2. Bc4 Nf6 3. Bxf7+ Kxf7 4. Nf3 Nc6 5. Nc3 d5 6. d3 d4 7. Bg5 dxc3 8.
Bxf6 Qxf6 9. bxc3 Be7 10. a3 Rf8 11. Rf1 Kg8 12. Rb1 Bxa3 13. Ra1 Bb2 14. Rxa7
Bxc3+ 15. Nd2 Rxa7 16. Qh5 Qf4 17. Qd1 Ra1 0-1

[Event "AUTO-OPEN-3077"]
[Site "http://www.queenalice.com/game.php?id=1216216"]
[Date "2013.9.11"]
[Round "1"]
[White "migueljunior"]
[Black "Danado"]
[Result "0-1"]
[WhiteElo "1100"]
[BlackElo "1737"]

1. e4 e5 2. Nc3 Nf6 3. d3 Bb4 4. Bd2 Bxc3 5. bxc3 d5 6. Bg5 Be6 7. Be2 h6 8.
Bxh6 Rxh6 9. h3 dxe4 10. d4 exd4 11. cxd4 a6 12. Rb1 Bd5 13. Rxb7 Bxb7 14. Bc4
Bd5 15. Bxd5 Qxd5 16. Ne2 Qxa2 17. Qd2 Qa1+ 18. Nc1 Nd5 19. g3 Nc6 20. Qg5 Qa5+
21. Kf1 Ne3+ 22. Kg1 Qxg5 23. Ne2 Nxc2 24. f4 Qb5 25. Rh2 Qb1+ 26. Kf2 Qe1+ 27.
Kg2 Ne3# 0-1

[Event "AUTO-OPEN-3077"]
[Site "http://www.queenalice.com/game.php?id=1216217"]
[Date "2013.9.11"]
[Round "1"]
[White "Danado"]
[Black "migueljunior"]
[Result "1-0"]
[WhiteElo "1743"]
[BlackElo "1054"]

1. e4 e5 2. Nf3 d6 3. d4 d5 4. exd5 exd4 5. Qxd4 Nc6 6. Bb5 Bd7 7. dxc6 bxc6 8.
Bc4 Bb4+ 9. Bd2 Bxd2+ 10. Nbxd2 Qe7+ 11. Be2 Rd8 12. Qe3 Be6 13. Nd4 Rd6 14.
Nxc6 Rxc6 15. Bb5 Qd6 16. Bxc6+ Qxc6 17. Qe4 Qxe4+ 18. Nxe4 Nf6 19. Nc5 Ke7 20.
O-O Bc4 21. Rfe1+ Kd6 22. Nb3 Re8 23. Rxe8 Nxe8 24. Nd2 Bd5 25. b3 c5 26. Rd1 c4
27. Nxc4+ Kc5 28. Ne3 Nd6 29. f3 1-0

[Event "AUTO-OPEN-3077"]
[Site "http://www.queenalice.com/game.php?id=1216218"]
[Date "2013.9.11"]
[Round "1"]
[White "migueljunior"]
[Black "Cazuzovsky"]
[Result "0-1"]
[WhiteElo "1100"]
[BlackElo "1945"]

1. e4 c5 2. c4 Nc6 3. Nc3 Nf6 4. f3 e5 5. Nd5 Nxd5 6. cxd5 Nd4 7. Ne2 Qh4+ 8. g3
Nxf3+ 9. Kf2 Qf6 10. Bg2 Nxh2+ 11. Nf4 exf4 12. gxf4 Qxf4+ 13. Qf3 Nxf3 14. Bxf3
Bd6 15. Ke1 Qxf3 0-1

[Event "AUTO-OPEN-3077"]
[Site "http://www.queenalice.com/game.php?id=1216219"]
[Date "2013.9.11"]
[Round "1"]
[White "Cazuzovsky"]
[Black "migueljunior"]
[Result "1-0"]
[WhiteElo "1945"]
[BlackElo "1100"]

1. e4 e5 2. Nf3 f6 3. Nxe5 fxe5 4. Qh5+ g6 5. Qxe5+ Ne7 6. Qxh8 Ng8 7. Qxg8 Ke7
8. d4 Bh6 9. Qxh7+ Bg7 10. Bg5+ Ke8 11. Qg8+ 1-0

[Event "Challenge"]
[Site "http://www.queenalice.com/game.php?id=1610278"]
[Date "2020.5.1"]
[Round "-"]
[White "robastos"]
[Black "migueljunior"]
[Result "1-0"]
[WhiteElo "1367"]
[BlackElo "1043"]

1. e4 d6 2. Nc3 b6 3. Bc4 Nh6 4. Qf3 Bg4 5. Bxf7+ Nxf7 6. Qxg4 Qd7 7. Qxd7+ Nxd7
8. Nd5 Rc8 9. Nf3 Nc5 10. d3 e6 11. b4 Na4 12. Nf4 Nc3 13. Nxe6 Be7 14. Bb2 Bf6
15. Kd2 Nd8 16. Nf4 g6 17. Bxc3 Bxc3+ 18. Kxc3 c5 19. b5 h5 20. Nxg6 Rh6 21.
Nfh4 Ne6 22. f4 Nc7 23. Rab1 a6 24. e5 Nd5+ 25. Kc4 Ne3+ 26. Kc3 axb5 27. Rxb5
Ra8 28. Re1 Ng4 29. exd6+ Kd7 30. h3 Nf6 31. Rxb6 Nd5+ 32. Kc4 Nxb6+ 33. Kxc5
Na4+ 34. Kd4 Rc8 35. Re7+ Kxd6 36. Nf5+ Kc6 37. Nxh6 Nc5 38. Ne5+ Kb5 39. c4+
Ka6 40. f5 Na4 41. f6 Nb2 42. Re6+ Kb7 43. f7 Rd8+ 44. Kc3 Nd1+ 45. Kd2 Nf2 46.
Rf6 Rxd3+ 47. Nxd3 Ne4+ 48. Ke3 Nxf6 49. f8=Q Nd7 50. Qe7 1-0